[Event "FRA-ch U14 Girls"]
[Site "Montlucon"]
[Date "2011.04.18"]
[Round "2"]
[White "Dedisse, Mariane"]
[Black "Likhoded, Victoria"]
[Result "1/2-1/2"]
[WhiteElo "1530"]
[BlackElo "1671"]
[PlyCount "64"]
[EventDate "2011.04.17"]
[EventType "swiss"]
[EventRounds "9"]
[EventCountry "FRA"]
[SourceTitle "CBM 142 Extra"]
[Source "ChessBase"]
[SourceDate "2011.06.27"]
[SourceVersion "1"]
[SourceVersionDate "2011.06.27"]
[SourceQuality "1"]

1. d4 d6 2. c4 Nf6 3. Nc3 c6 4. e3 Qc7 5. Nf3 Bg4 6. Be2 e5 7. Qc2 Be7 8. 0-0 0-0 9. dxe5 dxe5 10. b3 Nbd7 11. Bb2 h6 12. h3 Bxf3 13. Bxf3 Rad8 14. Rfd1 Nc5 15. Rxd8 Rxd8 16. Rd1 Rd7 17. Rxd7 Qxd7 18. Ba3 Bf8 19. Bxc5 Bxc5 20. Ne4 Be7 21. Nxf6+ Bxf6 22. Qd1 Qc7 23. Bg4 Kf8 24. Kf1 Ke7 25. Ke2 Qd6 26. Qd3 g6 27. e4 Qxd3+ 28. Kxd3 Kd6 29. b4 b6 30. a3 a5 31. g3 Bg5 32. Kc3 Bc1 1/2-1/2